MDQL
is popping MORE tags! Check the
thread
!
Quizzes
Events
Quiz Creation
Community
Videos
Private Events
Remove Ads
Sign In
Join for FREE
Feedback
Dark Mode
Quiz Categories
Sports
Geography
Music
Movies
Television
Just For Fun
Miscellaneous
History
Literature
Language
Science
Gaming
Entertainment
Religion
Holiday
For Kids
Quiz Lab
Recent
Popular Today
Quiz Kudos Today
Editor Picks
Curator Picks
Quizzes by...
Day
Popularity
Type
Ratings
Length
Year
Community
Subscriptions
Recent Discussions
Orange Saloon
Badges
Playlists
Quests
Create
Leaderboards
Showdown
Live 5
Trivia Bingo
Activity
Puzzle Library
Sporcle Events
Private Events
Virtual Trivia
Globe League
Become a Host
Pub Owners
SporcleCon
Opinionation
Our Games
Videos
Blog
Mobile Apps
Partnerships
Remove Ads and Go Orange
Feedback
Miscellaneous
Crossword
General Knowledge
Baby Names
Logo
Food
Cars
Numbers
Grab Bag
University
College
Popular
Company
Slogans
Restaurants
Justice
Letter
Miscellaneous
Crossword
General Knowledge
Baby Names
Logo
Food
Cars
Numbers
Grab Bag
University
College
Popular
Company
Slogans
Restaurants
Justice
Letter
Random Quiz
Search Sporcle
×
Quiz Lab
Quiz Lab
Miscellaneous
coast
Type in answers that appear in a list
Type in answers that appear in a list
Classic
Best Score? Go Orange.
Stations Served by East Coast Rail (UK) Stats
Can you name the stations served by East Coast Rail?
By
Jay_C
10m
51 Questions
568 Plays
568 Plays
568 Plays
Comments
Comments
Give Quiz Kudos
Give Quiz Kudos
-
- Ratings
hide this ad
Replay
Link that replays current quiz
Next Quiz
Link to next quiz in quiz playlist
You Got
0%
They Got
Avg Score
58%
Avg Friend Score
Upgrade to see
Score Distribution
Jump to the score distribution portion of the page
Score
0/51
Timer
10:00
0
Plays Today
Station
% Correct
London King's Cross
94.7%
Edinburgh Waverley
94%
Newcastle Central
94%
York
93.8%
Peterborough
92.3%
Leeds
90.1%
Doncaster
88.4%
Aberdeen
85.9%
Durham
85%
Berwick-upon-Tweed
84.2%
Darlington
84.2%
Stevenage
81.7%
Grantham
80.8%
Glasgow Central
79.8%
Newark North Gate
78.7%
Dundee
77.5%
Inverness
76.1%
Wakefield Westgate
72.7%
Haymarket
70.8%
Hull Paragon
69%
Bradford Forster Square
65%
Northallerton
65%
Retford
64.6%
Dunbar
61.8%
Alnmouth
60.2%
Perth
58.8%
Station
% Correct
Morpeth
57.2%
Motherwell
54.2%
Stirling
53.9%
Harrogate
52.1%
Selby
49.6%
Montrose
48.4%
Falkirk Grahamston
46.3%
Stonehaven
46%
Arbroath
44.4%
Aviemore
43.7%
Kirkcaldy
43.7%
Skipton
43.7%
Leuchars
43.1%
Inverkeithing
42.4%
Brough
36.4%
Keighley
31.2%
Kingussie
30.5%
Pitlochry
29.2%
Gleneagles
26.9%
Dunblane
25.9%
Horsforth
22.5%
Carrbridge
21.8%
Blair Atholl
21.1%
Newtonmore
17.6%
Dunkeld & Birnam
16.4%
Quiz Playlist
Details
Report
Send in Message
Add To Playlist
Classic:
Type in answers that appear in a list
Quiz Source
Last Updated: Feb 16, 2017
Quiz Scoreboard
CHALLENGE
Sign Up to Join the Scoreboard
Show All
Scores
Hide
Comments
May contain spoilers
Recently Published
1-10 Letter E Words III
by El_Dandy
Language
2m
Street Fighter Characters
by Artimus82
Gaming
60s
College Basketball Coaching Resumes
by pancakes188
Sports
9m
More to Explore
Quiz From the Vault
Featured Blog Post
Where Did the Easter Bunny Come From?
hide this ad
You Might Also Like...
Tags
coast
east
East Coast
rail
Served
station
Today's Top Quizzes in Miscellaneous
Browse Miscellaneous
hide this ad
Today's Top Quizzes in coast
Browse coast
Top Contributed Quizzes in Miscellaneous
1
5-to-1: Fast Food
2
The JOE quick-fire general knowledge quiz: Day 174
3
The JOE quick-fire general knowledge quiz: Day 173
4
5-to-1: Cocktails
5
The JOE quick-fire general knowledge quiz: Day 172
6
9x9 Crossword: Disney Movie Titles
7
9x9 Crossword: Charlie and the Chocolate Factory
8
Sunday Crossword: Famous Bodies of Water
9
The JOE quick-fire general knowledge quiz: Day 171
10
9x9 Crossword: Flags
Explore More
Trending Topics
Anime
Crossword
Disney
Marvel
NBA
Harry Potter
Kpop
WWE
Puzzle
Soccer
NFL
Song
The Office
Pokémon
Country
hide this ad
More By:
Jay_C
Quiz
Plays
Rating
Category
Featured
Created
Every Formula One Circuit
3,096
4.12
Sports
Nov 17, 2009
Stations Served by Virgin Trains (UK)
1,577
5.00
Miscellaneous
Nov 18, 2009
Stations served by CrossCountry (UK)
1,071
2.00
Miscellaneous
Nov 3, 2010
ICC Test World XI's
858
5.00
Sports
Aug 26, 2011
Stations Served by East Coast Rail (UK)
568
5.00
Miscellaneous
Nov 18, 2009
Go to Creator's Profile
Score Distribution
Quiz Creator Spotlight
Jay_C
Follow
Send a Message
Quizzes Created
-
Created Quiz Play Count
-
More By This Creator
Popular Quizzes Today
1
Find the US States - No Outlines Minefield
2
Find the Countries of Europe - No Outlines Minefield
3
The Countries of the World
4
Find the US States
5
Risky Map Clicking: Biggest States A-Z
6
US States
7
Popular People in 1961
8
Movies - When Are They Set?
More Miscellaneous Quizzes
Baby Names: 'I' Boy Names by Decade
Published
Trending Quizzes
Risky Map Clicking: Least Populous States A-Z
1-10 Letter G Words
USA Borders Longest to Shortest
1-10 Letter F Words
Countries of the World: 200 Million BC
Recently Updated
Leaping Animals
pecheneg
Reality TV Shows (A-Z)
bhenderson79
Rickey Henderson's Hall of Fame Teammates
pecheneg
Champions League XIs: Arsenal
pecheneg
Quick Pick: Celebrities in WWE's Hall of Fame
aduchscher
A-Z Keypad Blitz II
pecheneg
Multiple Oscar Actors
pecheneg
Mystery Phrase Blitz: Oscar 'Best Actors'
pecheneg
F. Scott Fitzgerald Novels
LTH
Pick 3 Villains
ddd62291
Trending Topics
Kpop
Disney
Crossword
NBA
Anime
Harry Potter
Marvel
Soccer
Puzzle
NFL
WWE
Pokémon
Country
Song
The Office
Your Account Isn't Verified!
In order to create a playlist on Sporcle, you need to verify the email address you used during registration. Go to your
Sporcle Settings
to finish the process.
Report this User
Report this user for behavior that violates our
Community Guidelines
.
Details:
Send Report
Go to the Sporcle.com Mobile Site →
Comments